000 00911nam a22002417a 4500
003 OSt
005 20211105151150.0
008 190801b xxu||||| |||| 00| 0 eng d
020 _a9780071546447
020 _a0071546448
040 _cLC
050 _aRC346.S59
100 _qSimon, Roger P
245 _aClinical neurology. /
_cRoger R. Simon, David A. Greenberg, Michael J. Aminoff
250 _a7th ed.
260 _aLondon:
_bLange/McGaw-Hill,
_c2009.
300 _avii, 408 p.:
_bill and diagrams;
500 _aIndex index.
505 _aContents: Disorders of cognitive function -- Headache & facial pain -- Disorders of equilibrium -- Disturbances of vision -- Motor defects -- Disorders of somatic sensation -- Movement disorders -- Seizures & syncope -- Stroke -- Coma -- Neurologic investigations --
700 _qGreenberg, David A.
700 _qAminoff, Michael J.
942 _2lcc
_cBK
999 _c7918
_d15418